Statistics for Vietnamese and Taiwanese Destinations from ICN

Click here to take the quiz!

General Stats

  • This quiz has been taken 8 times
  • The average score is 7 of 12

Answer Stats

Airlines OperatingAnswer% Correct
Vietnam Airlines, Korean Air, Asiana Airlines....Hanoi (HAN)
100%
Vietnam Airlines, Vietjet Air, Jeju Air....Ho Chi Minh (SGN)
100%
Vietjet Air, Korean Air, Jin Air, Jeju Air....Da Nang (DAD)
75%
Korean Air, Asiana Airlines, Eva Air, Eastar Jet....Taipei-Taoyuan (TPE)
75%
Jin Air, Vietjet Air, Vietnam Airlines...Nha Trang (CXR)
63%
Vietjet AirHai Phong (HPH)
50%
China Airlines, Eva Air, Asiana Airlines...Kaohsiung (KHH)
50%
Vietjet Air, Vietnam Airlines (Charter), Jeju Air....Phu Quoc (PQC)
50%
Korean AirTaichung (RMQ)
50%
Vietjet AirCan Tho (VCA)
38%
Jeju Air, Vietjet AirDa Lat (DLI)
38%
Vietnam Airlines (Charter)Ha Long (VDO)
38%

Score Distribution

Percentile by Number Answered

Percent of People with Each Score

Your Score History

You have not taken this quiz